Strangers No More: (Record no. 189013)

MARC details
000 -LEADER
fixed length control field 00555nam a2200181 4500
005 - DATE AND TIME OF LATEST TRANSACTION
control field 20220609124759.0
010 ## - LCCN (DPL NO)
LC control number ENG-133184
020 ## - INTERNATIONAL STANDARD BOOK NUMBER
International Standard Book Number 9789384067441
Terms of availability 799.00
035 ## - SYSTEM CONTROL NUMBER
System control number EN-116716
037 ## - SOURCE OF ACQUISITION
Source of stock number/acquisition DBAD/PUB
082 ## - DEWEY DECIMAL CLASSIFICATION NUMBER
Classification number 954.1
100 ## - MAIN ENTRY--PERSONAL NAME
Personal name Hazarika, Sanjoy
245 ## - TITLE STATEMENT
Title Strangers No More:
Remainder of title New Narratives from India's Northeast/
Statement of responsibility, etc Sanjoy Hazarika
260 ## - PUBLICATION, DISTRIBUTION, ETC. (IMPRINT)
Place of publication, distribution, etc New Delhi
Name of publisher, distributor, etc Aleph Book Company
Date of publication, distribution, etc 2018
270 ## - ADDRESS
Address 7/16, Ansari Road, Daryaganj
City New Delhi
Postal code 110002
300 ## - PHYSICAL DESCRIPTION
Extent 420p.
Dimensions 22cm(hbk)
942 ## - ADDED ENTRY ELEMENTS (KOHA)
Source of classification or shelving scheme Dewey Decimal Classification
Item type English Books
Classification part 954.1
Call number suffix HAZ
Holdings
Withdrawn status Lost status Not for loan Collection code Home library Current library Date acquired Source of acquisition Cost, normal purchase price Full call number Barcode Copy number Cost, replacement price Koha item type
      Non-fiction Patel Nagar Patel Nagar 09/06/2022 DBAD/PUB 799.00 954.1 HAZ EN-116716 1 799.00 English Books

© Delhi Public Library
Hit Counter
free hit counter